00366cam a22001337a 4500008004000000020001500040082001600055100001900071245004600090260002800136300001000164650002700174650003100201180718b1992 xxu||||| |||| 00| 0 eng d a8170993555 aB73x54 K898 aKrishnan, M.G. aPanchayati raj in Indiacby M.G. Krishnan aNew DelhibMittalc1992 a149p. aPanchayati Raj - India aVillage panchayats - India